Classement général de l'Euro 2017 féminin (football) - Statistiques

Statistiques générales
  • Ce quiz a été pris 188 fois
  • Le résultat moyen est 14 sur 16
Statistiques - réponses
Classement Pays Stade atteint % Correct
6e France Quarts de finale
98%
5e Allemagne Quarts de finale
97%
3e Angleterre Demi-finales
97%
8e Espagne Quarts de finale
96%
1er Pays-Bas Vainqueur
95%
12e Portugal 1er tour
94%
7e Suède Quarts de finale
94%
11e Italie 1er tour
90%
15e Norvège 1er tour
90%
9e Suisse 1er tour
90%
10e Belgique 1er tour
86%
2e Danemark Finaliste
80%
4e Autriche Demi-finales
78%
13e Russie 1er tour
77%
16e Islande 1er tour
71%
14e Ecosse 1er tour
66%
Aucun quiz correspondant
Distribution des résultats
% des personnes avec chaque résultat
Percentile par nombre de réponses
Votre historique - résultats
Vous n’avez pas pris ce quiz